Sparks! / (Record no. 49589)
| 000 -LEADER | |
|---|---|
| fixed length control field | 00693nam a2200145 4500 |
| 020 ## - INTERNATIONAL STANDARD BOOK NUMBER | |
| International Standard Book Number | 9781338029468 |
| 100 ## - MAIN ENTRY--PERSONAL NAME | |
| Personal name | Boothby, Ian, |
| Relator term | author. |
| 9 (RLIN) | 86709 |
| 245 ## - TITLE STATEMENT | |
| Title | Sparks! / |
| Statement of responsibility, etc | Ian Boothby, illustrated by Nina Matsumoto. |
| 260 ## - PUBLICATION, DISTRIBUTION, ETC. (IMPRINT) | |
| Name of publisher, distributor, etc | Graphix ; |
| Date of publication, distribution, etc | 2018-02-27. |
| 300 ## - PHYSICAL DESCRIPTION | |
| Extent | 192 pages. |
| Dimensions | 8.9 x 5.9 x 0.6 in. |
| 490 ## - SERIES STATEMENT | |
| Series statement | Sparks! |
| Volume number/sequential designation | 1 of 3 |
| 500 ## - GENERAL NOTE | |
| General note | Sparks is a hero and man's best friend, but nobody suspects he's two cats! August is a brilliant inventor who is afraid of the outside. Charlie is a crack pilot who isn't afraid of anything. Together these pals save lives every day as they pilot a powerful, mechanical dog suit! |
| 650 ## - SUBJECT ADDED ENTRY--TOPICAL TERM | |
| 9 (RLIN) | 71256 |
| Topical term or geographic name as entry element | Adventure and adventurers |
| 942 ## - ADDED ENTRY ELEMENTS (KOHA) | |
| Source of classification or shelving scheme | |
| Koha item type | Book |
| Withdrawn status | Lost status | Source of classification or shelving scheme | Damaged status | Not for loan | Home library | Current library | Date acquired | Total Checkouts | Full call number | Barcode | Checked out | Date last seen | Date checked out | Price effective from | Koha item type |
|---|---|---|---|---|---|---|---|---|---|---|---|---|---|---|---|
| Logos International School | Logos International School | 10/01/2025 | 9 | J GRAPHIX BOO | 041763 | 03/31/2026 | 03/23/2026 | 03/23/2026 | 10/01/2025 | Book |